Príklady a úlohy z chemickoinžinierskej termodynamiky /

Na minha lista:
Detalhes bibliográficos
Main Authors: Surový, Július (Author), Longauer, Jaroslav (Author)
Formato: Livro
Idioma:eslovaco
Publicado em: Bratislava : SVŠT v Bratislave, 1984
Edição:2.vyd.
Assuntos:
Tags: Adicionar Tag
Sem tags, seja o primeiro a adicionar uma tag!

MARC

LEADER 00000nam a22000003a 4500
001 stu42739
005 20150617225718.9
008 940517s1984----cs------------------slo-d
040 |a STU  |b slo 
041 0 |a slo 
044 |a cs 
080 |a 536(075.8) 
100 1 |a Surový, Július  |4 aut 
245 1 |a Príklady a úlohy z chemickoinžinierskej termodynamiky /  |c [aut.]Július Surový, Jaroslav Longauer 
250 |a 2.vyd. 
260 |a Bratislava :  |b SVŠT v Bratislave,  |c 1984 
300 |a 165 s 
650 7 |a Termodynamika chemickoinžinierska  |2 stusub 
650 7 |a príklady  |2 stusub 
700 1 |a Longauer, Jaroslav  |4 aut 
996 |b 284M017069  |c M*S-280-1  |l MMKN  |s A  |a 24  |w stu42739_0001 
996 |b MS280 2  |c M*S-280-2  |l MMKN  |s A  |a 24  |w stu42739_0002